000 00423nam a22001457a 4500
020 _qHB.
040 _cFIZZA ISHAQ
082 _a620.15153
_bHUE
100 _aHuebner, Kenneth H.
_9133508
245 _aThe Finite Element Method for Engineers /
_cKenneth H. Huebner
250 _a4TH ED.
260 _aNew York:
_b Wiley-Interscience,
_c2001.
300 _axviii , 720 p. ;
_c 6.36 x 1.55 x 9.67 inches
942 _2ddc
_cBK
999 _c616467
_d616467